000 00443nam a2200157 i 4500
001 134635
003 ES-MaACL
005 20230906194720.0
007 t|
008 070912s1933 gw ||||1| ger d
100 1 _aWiechert, Ernst.
_9116754
245 1 4 _aDie magd des Jürgen Doskocil
_b: roman /
_cErnst Wiechert.
260 _aMünchen :
_bLangen/Müller,
_c1933.
300 _a221 p. ;
_c19 cm.
852 _aES-MaACL
_jL-12524
_bR.114808
999 _c134635
_d134635